000 00654nam a2200193 i 4500
001 189789
003 31336
090 _a189789
100 _a20130910d9999 u||y0 y50 zz
105 _a 000yy
106 _ay
200 _aПесня - 73.Декабрь
_eдля голоса в соапровождении фортепиано (баяна)
210 _d1973
_aМосква
_cСоветский композитор
215 _a31 с.
__31
332 _aТвори та ноти
246 0 _bдля голоса в соапровождении фортепиано (баяна)
675 _a784
942 _2udc
_cNOTE
_j784
_z31336
999 _c31336
_d31336